000 00435nam a2200169Ia 4500
008 260520s2017 xx 000 0 und d
020 _a9788120352988
041 _aeng
082 _a658.1511/BAN
100 _aBanerjee, B
245 _aFinancial Policy and Management Accounting
250 _a9th ed
260 _aDELHI
_bPhi Learning PRIVATE LTD
_c2017
300 _a1018p.
500 _aCat No: 15134
650 _aMANAGEMENT
999 _c1222210
_d1222210